000
00303nam a2200097Ia 4500
008
220204s9999 xx 000 0 und d
082
_a
31:63
_b
SAI
245
0
_a
Statistical bulleting of SAARC agricultural data 2005
260
_a
Bangladesh
_b
SAARC Agricultural Information Centre (SAIC)
_c
2005
942
_c
BK
999
_c
44254
_d
44254